LEADER 01166nam 2200385 450 001 9910808235703321 005 20230307192159.0 035 $a(CKB)4100000011241333 035 $a(MiAaPQ)EBC6425166 035 $a(Au-PeEL)EBL6425166 035 $a(OCoLC)1228043033 035 $a(EXLCZ)994100000011241333 100 $a20220525d2020 uy 0 101 0 $aita 135 $aurcnu|||||||| 181 $ctxt$2rdacontent 182 $cc$2rdamedia 183 $acr$2rdacarrier 200 13$aLa societa a responsabilita limitata $eun modello transtipico alla prova del Codice della crisi : studi in onore di Oreste Cagnasso /$fa cura di Maurizio Irrera 210 1$aTorino :$cG. Giappichelli Editore,$d[2020] 210 4$dİ2020 215 $a1 online resource (1109 pages) 311 $a88-921-3209-1 311 $a88-921-8505-5 606 $aBankruptcy$zItaly 615 0$aBankruptcy 676 $a346.45066 700 $aIrrera$b Maurizio$0231386 801 0$bMiAaPQ 801 1$bMiAaPQ 801 2$bMiAaPQ 906 $aBOOK 912 $a9910808235703321 996 $aLa societa a responsabilita limitata$94103931 997 $aUNINA